100 flags of separatist territories - Statistics

General Stats
  • This quiz has been taken 153 times
    102 since last reset
  • The average score is 55 of 100
Answer Stats
Picture Answer % Correct
Greenland
88%
Hong Kong
86%
Kosovo
86%
Somaliland
86%
Tibet
86%
Faroe Islands
85%
Isle of Man
85%
Scotland
85%
Texas
85%
Western Sahara
85%
Corsica
83%
Puerto Rico
83%
Quebec
83%
Transnistria
83%
Wales
83%
Abkhazia
80%
Palestine
80%
Catalonia
78%
Alaska
76%
Bavaria
76%
Kurdistan
76%
South Ossetia
76%
Åland
75%
Basque Country
75%
Sicily
75%
Zanzibar
75%
Guam
73%
Hawaii
73%
Northern Ireland
73%
French Guiana
71%
Brittany
69%
Macao
68%
Aruba
66%
Crimea
66%
Donetsk
66%
Flanders
66%
Kanaky (New Caledonia)
66%
La Réunion
66%
Luhansk
66%
Wallonia
66%
Artsakh
64%
Bermuda
64%
Guadeloupe
64%
Curaçao
63%
Veneto (Venice)
63%
Canary Islands
61%
East Turkestan
61%
Inner Mongolia
61%
Azores
59%
Bonaire
59%
Norfolk Island
59%
Assyria
58%
Maohi Nui (French Polynesia)
58%
Anguilla
56%
Nevis
56%
Cornwall
53%
Rapa Nui (Easter Island)
53%
Chechnya
51%
Galicia
51%
Occitania
51%
Saba
51%
Cascadia
49%
Martinique
49%
West Papua
49%
Darfur
47%
Sápmi
46%
Tuva
46%
Vojvodina
46%
Bougainville
44%
Jammu and Kashmir
44%
Normandy
44%
Tatarstan
44%
Vermont
44%
Gagauzia
42%
Balochistan
39%
Sealand
39%
Sint Eustatius
39%
Alsace
37%
Ambazonia
37%
Biafra
36%
Andalusia
32%
Khalistan
32%
Tigray
32%
Kabylia
29%
Acadia
27%
Barbuda
27%
Siberia
27%
Cape Republic
25%
Lakota
25%
Western Togoland
24%
Araucania (Mapuche)
20%
Golan (Druzes)
20%
Barotseland
17%
Chiapas
17%
Deseret
15%
Saint-Martin
10%
Casamance
8%
Mombasa
8%
Australians Aboriginals
3%
Tubu
3%
No matching quizzes found
Score Distribution
Percent of People with Each Score
Percentile by Number Answered
Your Score History
You have not taken this quiz since the last reset